banner koha

Efeito da fluidoterapia transcirúrgica sobre o hematócrito pós-cirúrgico em cadelas submetidas a ovariossalpingo-histerectomia eletiva (Registro n. 300437)

MARC details
000 -LÍDER
fixed length control field 03570nab a2200349 i 4500
003 - CÓDIGO MARC DA AGÊNCIA CATALOGADORA
Campo de controle BR-BrBNA
005 - DATA E HORA DA ÚLTIMA ATUALIZAÇÃO
Campo de controle 20240708104241.0
008 - CAMPO DE TAMANHO FIXO
fixed length control field 240708b2017 bl.|r|pooa||| 00| 0 por |
040 ## - FONTE DA CATALOGAÇÃO
Agência catalogadora BR-BrBNA
Idioma da catalogação por
072 ## - CATEGORIA AGRIS
Código AGRIS L70
Código do objeto 5400
072 ## - CATEGORIA AGRIS
Código AGRIS L50
100 ## - ENTRADA PRINCIPAL - NOME PESSOAL
Nome pessoal Druziani, J.T.
100 ## - ENTRADA PRINCIPAL - NOME PESSOAL
Nome pessoal Fukushima, F.B.
100 ## - ENTRADA PRINCIPAL - NOME PESSOAL
Nome pessoal Gomes, A.V.
100 ## - ENTRADA PRINCIPAL - NOME PESSOAL
Nome pessoal Quinaglia, G.B.
100 ## - ENTRADA PRINCIPAL - NOME PESSOAL
Nome pessoal Vizzu, J.F.
100 ## - ENTRADA PRINCIPAL - NOME PESSOAL
Nome pessoal Cunha, O.
100 ## - ENTRADA PRINCIPAL - NOME PESSOAL
Nome pessoal Sacchi, J.O.
100 ## - ENTRADA PRINCIPAL - NOME PESSOAL
Nome pessoal Silva, M.M.
245 ## - TÍTULO PRINCIPAL
Título principal Efeito da fluidoterapia transcirúrgica sobre o hematócrito pós-cirúrgico em cadelas submetidas a ovariossalpingo-histerectomia eletiva
500 ## - NOTA GERAL
Nota geral <br/>Publicação online; 15 ref.; Summaries (En, Pt)
942 ## - ADDED ENTRY ELEMENTS (KOHA)
Koha item type
520 ## - NOTA DE RESUMO
Nota de conteúdo <br/><br/>RESUMO - Apesar dos inúmeros benefícios da fluidoterapia transcirúrgica, sobrecarga de volume pode trazer efeitos deletérios, como a alteração de parâmetros hematimétricos. Dessa maneira, o presente trabalho teve como objetivo avaliar duas diferentes taxas de infusão de solução cristaloide no período transanestésico e seus efeitos até 24 horas pós-operatório. Foram utilizados dois grupos de seis animais cada, um deles recebeu solução de cloreto de sódio 0,9% a 10mL/kg/h (G10) e o outro a 5mL/kg/h (G5). Os valores de hematócrito foram avaliados no período de 24 horas em 10 diferentes momentos. Os resultados não apontaram diferenças significativas entre os grupos, porém foi observada redução significativa do hematócrito após indução anestésica. Foi ainda observada redução de hematócrito após o término da cirurgia em ambos os grupos, e o retorno aos valores basais de hematócrito ocorreu de forma significativa 12 horas após o procedimento cirúrgico em G10, e após oito horas em G5, mostrando uma tendência à hemodiluição mais persistente em G10.<br/><br/><br/>Palavras-chave: fluido, anestesia, castração, hematologia, hemodiluição
520 ## - NOTA DE RESUMO
Nota de conteúdo <br/><br/>ABSTRACT - Despite the beneficial goals of fluid therapy administered during surgery, volume overload can cause deleterious effects, such as alterations on hematimetric parameters. Thus, the objective of this paper was to evaluate two different cristaloid infusion rates during the surgical period and its effects on the 24-hour post-surgical period. Two groups of six animals each were used in the present study, one received 10mL/kg/h (G10) of 0,9% sodium chloride solution and the other 5mL/kg/h (G5) of the same solution. Packed cell volume (PCV) was evaluated in 10 different times during the 24 hours following surgery. The results did not show significant differences between groups, but they showed a major tendency of hemodilution in G10. A significant decrease of PCV was observed after induction of anesthesia. Decrease of PCV after the end of surgery in both groups was also observed, and the return to PCV basal values was observed 12 hours after the procedure in G10 and after eight hours in G5, showing a tendency of prolonged hemodilution in G10.<br/><br/><br/>Keywords: fluid, anesthesia, neutering, hemathology, hemodilution
650 ## - ASSUNTO - THESAGRO
Cabeçalho tópico ou nome geográfico CÃO
650 ## - ASSUNTO - THESAGRO
Cabeçalho tópico ou nome geográfico ANESTESIA
650 ## - ASSUNTO - THESAGRO
Cabeçalho tópico ou nome geográfico CASTRAÇÃO
650 ## - ASSUNTO - THESAGRO
Cabeçalho tópico ou nome geográfico HEMATOLOGIA
773 0# - ENTRADA ANALÍTICA
Host Biblionumber 1643
Registro do item 316242
Imprenta Belo Horizonte-MG Universidade Federal de Minas Gerais - Escola de Veterinaria 1983
Outro identificador 2024-2643
Título Arquivo Brasileiro de Medicina Veterinária e Zootecnia (Brazil)
ISSN 0102-0935
Colação v. 69(4) p. 921-926; (2017)
Número de controle de registro BR2024001657
856 ## - ACESSO E ENDEREÇO ELETRÔNICO
Identificador uniforme de recurso - URI https://www.scielo.br/j/abmvz/a/gcBdDnxGZXzVTHhvjWYMVTM/?format=pdf&lang=pt

Nenhum exemplar disponível.

BINAGRI

Telefone: (61)3218-2567/2388/3357/2097 - binagri@agro.gov.br

Ministério da Agricultura e Pecuária , Esplanada dos Ministérios, Bloco D, Anexo B, Brasília/DF, CEP: 70.043-900